[Event "Tournoi élite du Barreau de Paris"]
[Site "Paris, France"]
[Date "2021.09.18"]
[Round "8.1"]
[White "Kuhn, Clement"]
[Black "Rakotomaharo, Fy Antenaina"]
[Result "0-1"]
[TimeControl "90'+30\""]
[WhiteTitle "FM"]
[BlackTitle "IM"]
[WhiteElo "2302"]
[BlackElo "2475"]

1. d4 {[%clk 01:30:52]} {[%emt 00:00:07]} Nf6 {[%clk 01:30:50]} {[%emt
00:00:10]} 2. Nf3 {[%clk 01:31:15]} {[%emt 00:00:07]} d5 {[%clk 01:29:56]}
{[%emt 00:01:24]} 3. e3 {[%clk 01:31:38]} {[%emt 00:00:08]} e6 {[%clk
01:29:14]} {[%emt 00:01:12]} 4. Bd3 {[%clk 01:31:44]} {[%emt 00:00:24]} c5
{[%clk 01:29:15]} {[%emt 00:00:29]} 5. b3 {[%clk 01:31:47]} {[%emt 00:00:28]}
Nc6 {[%clk 01:29:30]} {[%emt 00:00:15]} 6. Bb2 {[%clk 01:32:08]} {[%emt
00:00:09]} Bd6 {[%clk 01:28:18]} {[%emt 00:01:43]} 7. O-O {[%clk 01:31:35]}
{[%emt 00:01:03]} O-O {[%clk 01:28:27]} {[%emt 00:00:21]} 8. Nbd2 {[%clk
01:27:58]} {[%emt 00:04:06]} Nb4 {[%clk 01:10:09]} {[%emt 00:18:47]} 9. Be2
{[%clk 01:27:21]} {[%emt 00:01:07]} b6 {[%clk 01:10:28]} {[%emt 00:00:12]} 10.
a3 {[%clk 01:27:33]} {[%emt 00:00:19]} Nc6 {[%clk 01:10:50]} {[%emt 00:00:07]}
11. c4 {[%clk 01:23:19]} {[%emt 00:04:43]} Bb7 {[%clk 01:10:23]} {[%emt
00:00:57]} 12. Bd3 {[%clk 01:20:26]} {[%emt 00:03:23]} cxd4 {[%clk 01:08:37]}
{[%emt 00:02:16]} 13. exd4 {[%clk 01:20:41]} {[%emt 00:00:16]} Rc8 {[%clk
01:08:55]} {[%emt 00:00:12]} 14. Rc1 {[%clk 01:17:55]} {[%emt 00:03:16]} Ne7
{[%clk 01:03:51]} {[%emt 00:05:34]} 15. Re1 {[%clk 01:14:14]} {[%emt 00:04:11]}
Ng6 {[%clk 01:03:40]} {[%emt 00:00:40]} 16. Bb1 {[%clk 01:14:10]} {[%emt
00:00:35]} Qe7 {[%clk 01:02:36]} {[%emt 00:01:33]} 17. a4 {[%clk 01:11:55]}
{[%emt 00:02:46]} Bb4 {[%clk 00:59:34]} {[%emt 00:03:32]} 18. Ne5 {[%clk
01:04:20]} {[%emt 00:08:04]} Nf4 {[%clk 00:48:47]} {[%emt 00:11:17]} 19. g3
{[%clk 00:49:54]} {[%emt 00:14:56]} Nh3+ {[%clk 00:46:44]} {[%emt 00:02:31]} 20.
Kf1 {[%clk 00:49:30]} {[%emt 00:00:55]} Ne4 {[%clk 00:43:36]} {[%emt 00:03:38]}
21. Bxe4 {[%clk 00:49:58]} {[%emt 00:00:02]} dxe4 {[%clk 00:44:01]} {[%emt
00:00:05]} 22. Nxe4 {[%clk 00:39:19]} {[%emt 00:11:09]} Bxe1 {[%clk 00:42:47]}
{[%emt 00:01:45]} 23. Qxe1 {[%clk 00:39:42]} {[%emt 00:00:08]} Ng5 {[%clk
00:41:54]} {[%emt 00:01:22]} 24. Nd2 {[%clk 00:38:21]} {[%emt 00:01:51]} f6
{[%clk 00:39:27]} {[%emt 00:02:57]} 25. Nd3 {[%clk 00:38:07]} {[%emt 00:00:44]}
Qd7 {[%clk 00:35:53]} {[%emt 00:04:04]} 26. h4 {[%clk 00:36:15]} {[%emt
00:02:23]} Nf3 {[%clk 00:36:02]} {[%emt 00:00:20]} 27. Nxf3 {[%clk 00:36:35]}
{[%emt 00:00:10]} Bxf3 {[%clk 00:36:28]} {[%emt 00:00:04]} 28. Qe3 {[%clk
00:36:32]} {[%emt 00:00:33]} Bb7 {[%clk 00:36:51]} {[%emt 00:00:07]} 29. Re1
{[%clk 00:35:18]} {[%emt 00:01:45]} Rfe8 {[%clk 00:37:08]} {[%emt 00:00:13]} 30.
f3 {[%clk 00:35:22]} {[%emt 00:00:26]} e5 {[%clk 00:36:17]} {[%emt 00:01:22]}
31. dxe5 {[%clk 00:28:32]} {[%emt 00:07:20]} Qh3+ {[%clk 00:36:28]} {[%emt
00:00:17]} 32. Ke2 {[%clk 00:28:47]} {[%emt 00:00:15]} Qxg3 {[%clk 00:35:22]}
{[%emt 00:01:38]} 33. Rg1 {[%clk 00:28:53]} {[%emt 00:00:23]} Qxh4 {[%clk
00:34:34]} {[%emt 00:01:18]} 34. Qf2 {[%clk 00:27:56]} {[%emt 00:01:27]} Qxf2+
{[%clk 00:33:38]} {[%emt 00:01:26]} 35. Kxf2 {[%clk 00:28:23]} {[%emt
00:00:03]} fxe5 {[%clk 00:33:50]} {[%emt 00:00:18]} 36. Bxe5 {[%clk 00:28:48]}
{[%emt 00:00:05]} Re7 {[%clk 00:33:33]} {[%emt 00:00:48]} 37. f4 {[%clk
00:28:49]} {[%emt 00:00:29]} Be4 {[%clk 00:33:12]} {[%emt 00:00:51]} 38. Nb4
{[%clk 00:28:43]} {[%emt 00:00:36]} Rd7 {[%clk 00:32:32]} {[%emt 00:01:10]} 39.
Ke3 {[%clk 00:28:58]} {[%emt 00:00:15]} Bb7 {[%clk 00:32:58]} {[%emt 00:00:04]}
40. Nd5 {[%clk 00:29:10]} {[%emt 00:00:17]} Kf8 {[%clk 00:32:49]} {[%emt
00:00:39]} 41. Rg5 {[%clk 00:28:27]} {[%emt 00:01:14]} Rc6 {[%clk 00:30:47]}
{[%emt 00:02:32]} 42. Rg1 {[%clk 00:26:02]} {[%emt 00:02:54]} Rh6 {[%clk
00:30:37]} {[%emt 00:00:40]} 43. Rg3 {[%clk 00:25:18]} {[%emt 00:01:15]} Rh1
{[%clk 00:29:55]} {[%emt 00:01:12]} 44. Ke2 {[%clk 00:23:16]} {[%emt 00:02:31]}
Bxd5 {[%clk 00:25:40]} {[%emt 00:04:46]} 45. cxd5 {[%clk 00:23:44]} {[%emt
00:00:02]} Rxd5 {[%clk 00:26:02]} {[%emt 00:00:08]} 46. Bxg7+ {[%clk 00:23:47]}
{[%emt 00:00:27]} Kf7 {[%clk 00:26:27]} {[%emt 00:00:05]} 47. Be5 {[%clk
00:23:59]} {[%emt 00:00:18]} Ke6 {[%clk 00:26:35]} {[%emt 00:00:22]} 48. Bb8
{[%clk 00:21:38]} {[%emt 00:02:51]} Rh2+ {[%clk 00:26:38]} {[%emt 00:00:27]} 49.
Kf3 {[%clk 00:19:16]} {[%emt 00:02:53]} Rd3+ {[%clk 00:26:57]} {[%emt
00:00:26]} 50. Ke4 {[%clk 00:19:31]} Rxg3 {[%clk 00:27:18]} {[%emt 00:00:08]}
51. f5+ {[%clk 00:19:57]} {[%emt 00:00:05]} Kf7 {[%clk 00:27:44]} {[%emt
00:00:04]} 52. Bxg3 {[%clk 00:20:21]} {[%emt 00:00:05]} Rb2 {[%clk 00:28:08]}
{[%emt 00:00:06]} 53. Bb8 {[%clk 00:19:48]} {[%emt 00:01:03]} a6 {[%clk
00:28:30]} {[%emt 00:00:08]} 54. Bc7 {[%clk 00:19:24]} {[%emt 00:00:55]} Rxb3
{[%clk 00:28:55]} {[%emt 00:00:06]} 55. a5 {[%clk 00:19:50]} {[%emt 00:00:04]}
bxa5 {[%clk 00:29:04]} {[%emt 00:00:20]} 56. Bxa5 {[%clk 00:20:16]} {[%emt
00:00:05]} h5 {[%clk 00:29:21]} {[%emt 00:00:12]} 57. Kf4 {[%clk 00:20:36]}
{[%emt 00:00:10]} h4 {[%clk 00:29:48]} {[%emt 00:00:03]} 58. Kg4 {[%clk
00:20:57]} {[%emt 00:00:09]} h3 {[%clk 00:30:15]} {[%emt 00:00:03]} 59. Bc7
{[%clk 00:21:23]} {[%emt 00:00:05]} a5 {[%clk 00:30:42]} {[%emt 00:00:03]} 60.
Bg3 {[%clk 00:21:38]} {[%emt 00:00:15]} a4 {[%clk 00:31:06]} {[%emt 00:00:05]}
61. Kxh3 {[%clk 00:22:04]} {[%emt 00:00:04]} a3 {[%clk 00:31:32]} {[%emt
00:00:04]} 62. Kg4 {[%clk 00:22:29]} {[%emt 00:00:05]} Rxg3+ {[%clk 00:31:58]}
{[%emt 00:00:04]} 0-1



[ePGN "0.1;DGT LiveChess/2.2.5"]

[Event "Tournoi élite du Barreau de Paris"]
[Site "Paris, France"]
[Date "2021.09.19"]
[Round "9.1"]
[White "Kuhn, Clement"]
[Black "Razafindratsima, Timothe"]
[Result "1-0"]
[TimeControl "90'+30\""]
[WhiteTitle "FM"]
[BlackTitle "FM"]
[WhiteElo "2302"]
[BlackElo "2387"]

1. Nf3 {[%clk 01:30:53]} {[%emt 00:00:06]} Nf6 {[%clk 01:30:42]} {[%emt
00:00:18]} 2. g3 {[%clk 01:30:43]} {[%emt 00:00:40]} g6 {[%clk 01:30:51]}
{[%emt 00:00:21]} 3. b3 {[%clk 01:31:08]} {[%emt 00:00:05]} Bg7 {[%clk
01:31:09]} {[%emt 00:00:12]} 4. Bb2 {[%clk 01:31:36]} {[%emt 00:00:01]} O-O
{[%clk 01:31:15]} {[%emt 00:00:23]} 5. Bg2 {[%clk 01:31:56]} {[%emt 00:00:10]}
d5 {[%clk 01:31:32]} {[%emt 00:00:14]} 6. c4 {[%clk 01:32:05]} {[%emt
00:00:21]} c5 {[%clk 01:29:35]} {[%emt 00:02:27]} 7. cxd5 {[%clk 01:31:54]}
{[%emt 00:00:40]} Nxd5 {[%clk 01:28:19]} {[%emt 00:01:47]} 8. Bxg7 {[%clk
01:32:19]} {[%emt 00:00:05]} Kxg7 {[%clk 01:28:47]} {[%emt 00:00:02]} 9. O-O
{[%clk 01:32:32]} {[%emt 00:00:16]} Nb4 {[%clk 01:23:12]} {[%emt 00:06:06]} 10.
Qc1 {[%clk 01:28:07]} {[%emt 00:04:56]} Qd6 {[%clk 01:15:37]} {[%emt 00:08:05]}
11. Na3 {[%clk 01:23:30]} {[%emt 00:05:07]} Bg4 {[%clk 01:10:37]} {[%emt
00:05:30]} 12. Qc3+ {[%clk 01:20:45]} {[%emt 00:03:15]} f6 {[%clk 01:03:08]}
{[%emt 00:07:58]} 13. Nc4 {[%clk 01:18:47]} {[%emt 00:02:27]} Qc7 {[%clk
01:01:56]} {[%emt 00:01:43]} 14. d4 {[%clk 01:11:54]} {[%emt 00:07:23]} Nd5
{[%clk 00:53:54]} {[%emt 00:08:32]} 15. Qb2 {[%clk 01:10:32]} {[%emt 00:01:52]}
b5 {[%clk 00:38:15]} {[%emt 00:16:09]} 16. dxc5 {[%clk 01:03:06]} {[%emt
00:07:57]} bxc4 {[%clk 00:27:57]} {[%emt 00:10:49]} 17. bxc4 {[%clk 01:02:22]}
{[%emt 00:01:13]} Ne3 {[%clk 00:27:30]} {[%emt 00:00:57]} 18. fxe3 {[%clk
01:02:33]} {[%emt 00:00:18]} Nc6 {[%clk 00:26:35]} {[%emt 00:01:26]} 19. Nd4
{[%clk 00:58:51]} {[%emt 00:04:12]} Rab8 {[%clk 00:26:38]} {[%emt 00:00:26]} 20.
Qc3 {[%clk 00:59:13]} {[%emt 00:00:08]} Qa5 {[%clk 00:20:40]} {[%emt 00:06:29]}
21. Qxa5 {[%clk 00:56:43]} {[%emt 00:02:59]} Nxa5 {[%clk 00:21:06]} {[%emt
00:00:04]} 22. h3 {[%clk 00:56:55]} {[%emt 00:00:18]} e5 {[%clk 00:15:48]}
{[%emt 00:05:48]} 23. hxg4 {[%clk 00:56:22]} {[%emt 00:01:02]} exd4 {[%clk
00:16:17]} {[%emt 00:00:02]} 24. exd4 {[%emt 00:00:09]} Nxc4 {[%clk 00:16:27]}
{[%emt 00:00:19]} 25. Rab1 {[%clk 00:52:55]} {[%emt 00:04:19]} Rbd8 {[%clk
00:16:12]} {[%emt 00:00:44]} 26. Rfd1 {[%clk 00:51:42]} {[%emt 00:01:44]} Ne3
{[%clk 00:13:51]} {[%emt 00:02:51]} 27. Rd3 {[%clk 00:52:04]} {[%emt 00:00:08]}
Nxg4 {[%clk 00:13:46]} {[%emt 00:00:34]} 28. Rb7+ {[%clk 00:52:30]} {[%emt
00:00:05]} Kh6 {[%clk 00:12:24]} {[%emt 00:01:52]} 29. c6 {[%clk 00:52:52]}
{[%emt 00:00:09]} f5 {[%clk 00:12:09]} {[%emt 00:00:44]} 30. c7 {[%clk
00:53:02]} {[%emt 00:00:20]} Rc8 {[%clk 00:12:37]} {[%emt 00:00:02]} 31. d5
{[%clk 00:53:15]} {[%emt 00:00:17]} Ne5 {[%clk 00:11:54]} {[%emt 00:01:12]} 32.
d6 {[%clk 00:53:31]} {[%emt 00:00:14]} Rf7 {[%clk 00:11:37]} {[%emt 00:00:47]}
33. Rb8 {[%clk 00:53:30]} {[%emt 00:00:32]} Rcxc7 {[%clk 00:12:06]} {[%emt
00:00:01]} 34. dxc7 {[%clk 00:53:52]} {[%emt 00:00:08]} Rxc7 {[%clk 00:12:35]}
{[%emt 00:00:01]} 35. Rdb3 {[%clk 00:51:50]} {[%emt 00:02:32]} Rc1+ {[%clk
00:12:32]} {[%emt 00:00:32]} 36. Bf1 {[%clk 00:52:07]} {[%emt 00:00:12]} Ra1
{[%clk 00:12:48]} {[%emt 00:00:15]} 37. a3 {[%clk 00:50:40]} {[%emt 00:01:58]}
Nc4 {[%clk 00:13:04]} {[%emt 00:00:14]} 38. Rd8 {[%clk 00:50:58]} {[%emt
00:00:12]} a5 {[%clk 00:12:17]} {[%emt 00:01:17]} 39. Rd4 {[%clk 00:51:07]}
{[%emt 00:00:21]} Rc1 {[%clk 00:12:19]} {[%emt 00:00:29]} 40. a4 {[%clk
00:51:08]} {[%emt 00:00:29]} Kg5 {[%clk 00:12:04]} {[%emt 00:00:44]} 41. Kf2
{[%clk 00:51:36]} {[%emt 00:00:02]} Ne5 {[%clk 00:12:27]} {[%emt 00:00:07]} 42.
Rb5 {[%clk 00:49:03]} {[%emt 00:03:03]} Ng4+ {[%clk 00:12:36]} {[%emt
00:00:20]} 43. Rxg4+ {[%clk 00:49:31]} {[%emt 00:00:02]} Kxg4 {[%clk 00:12:58]}
{[%emt 00:00:09]} 44. Rxa5 {[%clk 00:49:50]} {[%emt 00:00:12]} h5 {[%clk
00:12:02]} {[%emt 00:01:25]} 45. e3 {[%clk 00:48:49]} {[%emt 00:01:32]} h4
{[%clk 00:12:18]} {[%emt 00:00:13]} 46. Be2+ {[%clk 00:48:48]} {[%emt
00:00:31]} Kg5 {[%clk 00:12:38]} {[%emt 00:00:09]} 47. gxh4+ {[%clk 00:49:14]}
{[%emt 00:00:05]} Kxh4 {[%clk 00:13:05]} {[%emt 00:00:02]} 48. Ra6 {[%clk
00:49:38]} {[%emt 00:00:06]} Kg5 {[%clk 00:12:55]} {[%emt 00:00:40]} 49. a5
{[%clk 00:49:58]} {[%emt 00:00:10]} Ra1 {[%clk 00:12:54]} {[%emt 00:00:31]} 50.
Ra8 {[%clk 00:50:07]} {[%emt 00:00:21]} Kh6 {[%clk 00:12:38]} {[%emt 00:00:46]}
51. a6 {[%clk 00:50:21]} {[%emt 00:00:16]} g5 {[%clk 00:12:54]} {[%emt
00:00:13]} 52. a7 {[%clk 00:48:26]} {[%emt 00:02:25]} Kg7 {[%clk 00:12:57]}
{[%emt 00:00:26]} 53. Bd3 {[%clk 00:48:37]} {[%emt 00:00:20]} Ra5 {[%clk
00:11:25]} {[%emt 00:02:03]} 54. Kg3 {[%clk 00:48:52]} {[%emt 00:00:14]} Ra3
{[%clk 00:09:20]} {[%emt 00:02:35]} 55. Bxf5 {[%clk 00:48:58]} {[%emt
00:00:24]} Rxe3+ {[%clk 00:09:47]} {[%emt 00:00:04]} 56. Kg4 {[%clk 00:49:25]}
{[%emt 00:00:03]} Re7 {[%clk 00:09:00]} {[%emt 00:01:16]} 57. Kxg5 {[%clk
00:49:39]} {[%emt 00:00:16]} Rc7 {[%clk 00:09:19]} {[%emt 00:00:11]} 58. Rh8
{[%clk 00:49:49]} {[%emt 00:00:20]} Kxh8 {[%clk 00:09:12]} {[%emt 00:00:37]} 59.
a8=Q+ {[%clk 00:50:13]} {[%emt 00:00:06]} Kg7 {[%clk 00:09:39]} {[%emt
00:00:02]} 60. Qa1+ {[%clk 00:50:36]} {[%emt 00:00:07]} Kg8 {[%clk 00:09:58]}
{[%emt 00:00:11]} 61. Be6+ {[%clk 00:50:44]} {[%emt 00:00:23]} Kf8 {[%clk
00:10:20]} {[%emt 00:00:08]} 62. Kf6 {[%clk 00:50:01]} {[%emt 00:01:13]} Rf7+
{[%clk 00:10:44]} {[%emt 00:00:05]} 63. Ke5 {[%clk 00:50:30]} Rc7 {[%clk
00:11:02]} {[%emt 00:00:13]} 64. Kd6 {[%clk 00:50:46]} {[%emt 00:00:14]} Kg7
{[%emt 00:00:51]} 1-0

[Event "Tournoi élite du Barreau de Paris"]
[Site "Paris, France"]
[Date "2021.09.19"]
[Round "9.2"]
[White "Rakotomaharo, Fy Antenaina"]
[Black "Travadon, Loic"]
[Result "1-0"]
[TimeControl "90'+30\""]
[WhiteTitle "IM"]
[BlackTitle "IM"]
[WhiteElo "2475"]
[BlackElo "2429"]

1. e4 {[%clk 01:30:56]} {[%emt 00:00:03]} e5 {[%clk 01:30:51]} {[%emt
00:00:09]} 2. Nf3 {[%clk 01:31:13]} {[%emt 00:00:13]} Nc6 {[%clk 01:31:16]}
{[%emt 00:00:05]} 3. Bb5 {[%clk 01:31:25]} {[%emt 00:00:18]} a6 {[%clk
01:31:42]} {[%emt 00:00:05]} 4. Ba4 {[%clk 01:31:51]} {[%emt 00:00:04]} Nf6
{[%clk 01:32:05]} {[%emt 00:00:06]} 5. Nc3 {[%clk 01:30:01]} {[%emt 00:02:21]}
Bb4 {[%clk 01:32:28]} {[%emt 00:00:07]} 6. O-O {[%clk 01:28:07]} {[%emt
00:02:24]} O-O {[%clk 01:32:25]} {[%emt 00:00:32]} 7. d3 {[%clk 01:25:44]}
{[%emt 00:02:55]} Bxc3 {[%clk 01:32:47]} {[%emt 00:00:08]} 8. bxc3 {[%clk
01:26:11]} {[%emt 00:00:03]} d6 {[%clk 01:33:09]} {[%emt 00:00:08]} 9. Bg5
{[%clk 01:25:48]} {[%emt 00:00:53]} Qe7 {[%clk 01:33:22]} {[%emt 00:00:16]} 10.
Bxc6 {[%clk 01:21:57]} {[%emt 00:04:21]} bxc6 {[%clk 01:33:49]} {[%emt
00:00:03]} 11. Nd2 {[%clk 01:22:12]} {[%emt 00:00:15]} h6 {[%clk 01:34:02]}
{[%emt 00:00:18]} 12. Bh4 {[%clk 01:22:35]} {[%emt 00:00:06]} g5 {[%clk
01:34:19]} {[%emt 00:00:13]} 13. Bg3 {[%clk 01:22:59]} {[%emt 00:00:06]} Bg4
{[%clk 01:34:26]} {[%emt 00:00:23]} 14. f3 {[%clk 01:22:41]} {[%emt 00:00:48]}
Be6 {[%clk 01:34:46]} {[%emt 00:00:10]} 15. d4 {[%clk 01:22:34]} {[%emt
00:00:47]} Nh5 {[%clk 01:32:32]} {[%emt 00:02:34]} 16. Nb3 {[%clk 01:17:59]}
{[%emt 00:05:04]} a5 {[%clk 01:31:04]} {[%emt 00:01:59]} 17. a4 {[%clk
01:18:14]} {[%emt 00:00:15]} Kh7 {[%clk 01:28:36]} {[%emt 00:02:58]} 18. Bf2
{[%clk 01:15:29]} {[%emt 00:03:14]} Rg8 {[%clk 01:27:40]} {[%emt 00:01:26]} 19.
g3 {[%clk 01:06:35]} {[%emt 00:09:24]} Rg6 {[%clk 01:26:07]} {[%emt 00:02:03]}
20. dxe5 {[%clk 01:03:09]} {[%emt 00:03:57]} dxe5 {[%clk 01:26:34]} {[%emt
00:00:03]} 21. Bc5 {[%clk 01:03:25]} {[%emt 00:00:14]} Qf6 {[%clk 01:26:33]}
{[%emt 00:00:32]} 22. Kh1 {[%clk 00:57:15]} {[%emt 00:06:39]} Qg7 {[%clk
01:26:07]} {[%emt 00:00:56]} 23. Qe2 {[%clk 00:49:13]} {[%emt 00:08:32]} g4
{[%clk 01:25:48]} {[%emt 00:00:49]} 24. Rg1 {[%clk 00:48:50]} {[%emt 00:00:53]}
Rf6 {[%clk 01:24:50]} {[%emt 00:01:28]} 25. f4 {[%clk 00:47:03]} {[%emt
00:02:17]} exf4 {[%clk 01:22:19]} {[%emt 00:03:01]} 26. Bd4 {[%clk 00:47:28]}
{[%emt 00:00:05]} Qg6 {[%clk 01:16:31]} {[%emt 00:06:19]} 27. Bxf6 {[%clk
00:41:59]} {[%emt 00:05:58]} Nxf6 {[%clk 01:16:55]} {[%emt 00:00:05]} 28. Nc5
{[%clk 00:33:33]} {[%emt 00:08:57]} Nxe4 {[%clk 01:12:20]} {[%emt 00:05:05]} 29.
Nxe4 {[%clk 00:33:17]} {[%emt 00:00:45]} Bd5 {[%clk 01:12:48]} {[%emt
00:00:02]} 30. Rge1 {[%clk 00:32:45]} {[%emt 00:01:01]} f5 {[%clk 01:10:47]}
{[%emt 00:02:31]} 31. Kg1 {[%clk 00:31:50]} {[%emt 00:01:25]} f3 {[%clk
01:08:20]} {[%emt 00:02:58]} 32. Nf6+ {[%clk 00:25:06]} {[%emt 00:07:15]} Qxf6
{[%clk 01:08:41]} {[%emt 00:00:09]} 33. Qe7+ {[%clk 00:25:33]} {[%emt
00:00:03]} Kg6 {[%clk 01:08:16]} {[%emt 00:00:54]} 34. Rad1 {[%clk 00:25:17]}
{[%emt 00:00:46]} Qxe7 {[%clk 01:07:41]} {[%emt 00:01:06]} 35. Rxe7 {[%clk
00:25:43]} {[%emt 00:00:04]} Kf6 {[%clk 01:07:51]} {[%emt 00:00:20]} 36. Rxc7
{[%clk 00:26:00]} {[%emt 00:00:13]} Rb8 {[%clk 01:05:27]} {[%emt 00:02:55]} 37.
c4 {[%clk 00:25:09]} {[%emt 00:01:22]} Be4 {[%clk 01:05:55]} {[%emt 00:00:01]}
38. Kf2 {[%clk 00:24:31]} {[%emt 00:01:07]} Rb2 {[%clk 01:03:40]} {[%emt
00:02:45]} 39. Rd2 {[%clk 00:24:30]} {[%emt 00:00:31]} Rb4 {[%clk 00:57:50]}
{[%emt 00:06:20]} 40. Rd4 {[%clk 00:16:49]} {[%emt 00:08:12]} Rxa4 {[%clk
00:52:41]} {[%emt 00:05:40]} 41. Ke3 {[%clk 00:16:47]} {[%emt 00:00:31]} Ra3+
{[%clk 00:52:14]} {[%emt 00:00:58]} 42. Kf4 {[%clk 00:06:23]} {[%emt 00:10:54]}
Ke6 {[%clk 00:51:35]} {[%emt 00:01:09]} 43. Rd2 {[%clk 00:05:47]} {[%emt
00:01:05]} Ra4 {[%clk 00:48:54]} {[%emt 00:03:11]} 44. Rh7 {[%clk 00:06:03]}
{[%emt 00:00:13]} Bd5 {[%clk 00:47:01]} {[%emt 00:02:24]} 45. Rxh6+ {[%clk
00:06:19]} {[%emt 00:00:14]} Kd7 {[%clk 00:46:47]} {[%emt 00:00:44]} 46. Kxf5
{[%clk 00:05:15]} {[%emt 00:01:34]} Rxc4 {[%clk 00:47:12]} {[%emt 00:00:05]} 47.
h3 {[%clk 00:04:44]} {[%emt 00:01:01]} a4 {[%clk 00:47:08]} {[%emt 00:00:34]}
48. hxg4 {[%clk 00:04:37]} {[%emt 00:00:36]} a3 {[%clk 00:47:22]} {[%emt
00:00:16]} 49. Rh7+ {[%clk 00:04:58]} {[%emt 00:00:09]} Kc8 {[%clk 00:46:09]}
{[%emt 00:01:44]} 50. Ra7 {[%clk 00:05:11]} {[%emt 00:00:18]} Rc3 {[%clk
00:46:06]} {[%emt 00:00:32]} 51. Rh2 {[%clk 00:05:25]} {[%emt 00:00:15]} Kb8
{[%clk 00:45:47]} {[%emt 00:00:50]} 52. Re7 {[%clk 00:04:30]} {[%emt 00:01:25]}
Be6+ {[%clk 00:41:08]} {[%emt 00:05:10]} 53. Kxe6 {[%clk 00:04:50]} {[%emt
00:00:09]} 1-0

[Event "Tournoi élite du Barreau de Paris"]
[Site "Paris, France"]
[Date "2021.09.19"]
[Round "10.2"]
[White "Razafindratsima, Timothe"]
[Black "Vlachos, Anatole"]
[Result "0-1"]
[TimeControl "90'+30\""]
[WhiteTitle "FM"]
[BlackTitle "IM"]
[WhiteElo "2387"]
[BlackElo "2421"]

1. e4 {[%emt 00:00:38]} e5 2. Nf3 {[%emt 00:00:01]} Nc6 {[%emt 00:00:01]} 3. d4
exd4 4. Nxd4 {[%emt 00:00:02]} Bc5 {[%emt 00:00:02]} 5. Nb3 {[%emt 00:00:03]}
Bb6 {[%emt 00:00:01]} 6. Nc3 {[%emt 00:00:01]} Nge7 7. Bg5 {[%emt 00:00:02]} h6
{[%emt 00:00:01]} 8. Bh4 d6 {[%emt 00:00:02]} 9. Bb5 {[%emt 00:00:01]} a6
{[%emt 00:00:01]} 10. Bxc6+ {[%emt 00:00:01]} bxc6 {[%emt 00:00:02]} 11. Qd3
{[%emt 00:00:02]} g5 12. Bg3 {[%emt 00:00:01]} f5 13. f4 {[%emt 00:00:02]} gxf4
{[%emt 00:00:01]} 14. Bh4 {[%emt 00:00:02]} Be3 {[%emt 00:00:04]} 15. exf5
{[%emt 00:00:02]} Qd7 {[%emt 00:00:05]} 16. g4 {[%emt 00:00:03]} c5 {[%emt
00:00:01]} 17. Qe4 {[%emt 00:00:01]} Rb8 {[%emt 00:00:02]} 18. Na5 {[%emt
00:00:02]} Rb4 {[%emt 00:00:01]} 19. Qxe7+ {[%emt 00:00:04]} Qxe7 {[%emt
00:00:02]} 20. Bxe7 {[%emt 00:00:03]} Kxe7 {[%emt 00:00:02]} 21. Nd5+ {[%emt
00:00:02]} Kf7 {[%emt 00:00:01]} 22. Nxb4 {[%emt 00:00:04]} cxb4 {[%emt
00:00:02]} 23. Ke2 {[%emt 00:00:02]} h5 24. h3 {[%emt 00:00:02]} d5 25. c3
{[%emt 00:00:02]} Bd7 {[%emt 00:00:02]} 26. Kf3 {[%emt 00:00:01]} bxc3 {[%emt
00:00:04]} 27. bxc3 {[%emt 00:00:02]} Kf6 {[%emt 00:00:02]} 28. Rad1 {[%emt
00:00:02]} Ba4 {[%emt 00:00:02]} 29. Nb3 {[%emt 00:00:02]} c5 {[%emt 00:00:02]}
30. c4 {[%emt 00:00:02]} d4 {[%emt 00:00:01]} 31. Na5 {[%emt 00:00:05]} hxg4+
{[%emt 00:00:02]} 32. hxg4 {[%emt 00:00:03]} Bxd1+ {[%emt 00:00:02]} 33. Rxd1
{[%emt 00:00:03]} Rh3+ {[%emt 00:00:01]} 34. Ke4 {[%emt 00:00:02]} f3 {[%emt
00:00:01]} 35. Nb7 {[%emt 00:00:06]} f2 {[%emt 00:00:01]} 36. Nxc5 {[%emt
00:00:23]} Rg3 {[%emt 00:00:07]} 37. Kd3 {[%emt 00:00:02]} Rxg4 {[%emt
00:00:27]} 38. Rf1 {[%emt 00:00:03]} Kxf5 {[%emt 00:00:06]} 39. Ke2 {[%emt
00:00:08]} Rg2 {[%emt 00:00:04]} 40. Nxa6 {[%emt 00:00:03]} Kf4 {[%emt
00:00:03]} 41. Nb4 {[%emt 00:00:02]} Rg1 {[%emt 00:00:03]} 42. Nd3+ {[%emt
00:00:01]} Kg3 43. Nxf2 {[%emt 00:00:04]} Rg2 {[%emt 00:00:01]} 44. c5 {[%emt
00:00:03]} Bxf2 {[%emt 00:00:03]} 45. a4 {[%emt 00:00:05]} Be3+ {[%emt
00:00:01]} 46. Kd3 {[%emt 00:00:02]} Rd2+ {[%emt 00:00:01]} 47. Ke4 {[%emt
00:00:02]} Ra2 {[%emt 00:00:01]} 48. c6 {[%emt 00:00:03]} Rxa4 {[%emt
00:00:02]} 49. Rf6 {[%emt 00:00:03]} Rc4 {[%emt 00:00:01]} 50. Kd3 {[%emt
00:00:02]} Rc5 {[%emt 00:00:02]} 51. Ke4 {[%emt 00:00:03]} Kg2 52. Kd3 {[%emt
00:00:05]} Bf2 {[%emt 00:00:10]} 53. Ke2 {[%emt 00:00:02]} Rc2+ {[%emt
00:00:03]} 54. Kd3 {[%emt 00:00:01]} Rc3+ {[%emt 00:00:02]} 55. Ke2 {[%emt
00:00:02]} Be3 {[%emt 00:00:05]} 56. Rg6 {[%emt 00:00:06]} Kh3 {[%emt
00:00:01]} 57. Kf3 {[%emt 00:00:04]} Kh4 {[%emt 00:00:02]} 58. Ke4 {[%emt
00:00:03]} Kh5 {[%emt 00:00:05]} 59. Rd6 {[%emt 00:00:02]} Kg5 {[%emt
00:00:02]} 60. Re6 {[%emt 00:00:03]} Bf2 {[%emt 00:00:02]} 61. Rd6 {[%emt
00:00:02]} Bg1 {[%emt 00:00:02]} 62. Rd5+ {[%emt 00:00:02]} Kf6 {[%emt
00:00:02]} 63. Rd6+ {[%emt 00:00:02]} Ke7 {[%emt 00:00:03]} 64. Kd5 {[%emt
00:00:02]} Be3 {[%emt 00:00:04]} 65. Rd7+ {[%emt 00:00:02]} Ke8 {[%emt
00:00:04]} 66. Kd6 {[%emt 00:00:02]} Bg5 {[%emt 00:00:09]} 67. Kd5 {[%emt
00:00:04]} d3 {[%emt 00:00:04]} 68. Kd6 {[%emt 00:00:07]} d2 {[%emt 00:00:04]}
69. Kc7 {[%emt 00:00:02]} Bf4+ {[%emt 00:00:09]} 70. Kb7 {[%emt 00:00:02]} Rc1
{[%emt 00:00:03]} 71. Rxd2 {[%emt 00:00:03]} Bxd2 {[%emt 00:00:01]} 72. c7
{[%emt 00:00:01]} Kd7 {[%emt 00:00:01]} 0-1